Mario's Madness V2 Characters - Statistics

General Stats
  • This quiz has been taken 606 times
  • The average score is 26 of 46
Answer Stats
Song Answer % Correct
It's-A-Me M/Ultra M/Super Horror Mario
99%
Oh God No Mario
94%
Promotion Mario/Classified Mario
94%
Overdue THE FORGIVEN/Mario
94%
Promotion Luigi/Classified Luigi
81%
Thalassophobia L is Real Luigi/Luigi
79%
Oh God No Luigi
77%
Promotion Peach/Classified Peach
76%
All Stars YOSH
76%
It's-A-Me Boyfriend/BF
72%
It's-A-Me Girlfriend/GF
70%
Apparition Wario/Wario Head/Wario Apparition
70%
So Cool Chris Pratt
67%
Nourishing Blood Grand Dad/7 Grand Dad
66%
Powerdown MX
66%
Overdue Mr. L
65%
Mario Game and Rythm 9 Somari
62%
Golden Land GB
59%
Last Course Turmoil
59%
I Hate You I HATE YOU Luigi/IHY Luigi
58%
Alone Beta Luigi
56%
Race Traitors Racist Mario
56%
Starman Slaughter Super Horror Peach/Peach.EXE
56%
Starman Slaughter Yoshi.EXE
54%
Starman Slaughter John Dick
50%
Paranoia Mr. Virtual
50%
Overdue Pico
48%
Unbeatable Mr. Sys
46%
All Stars Omega
46%
Alone Beta Mario
45%
No Party DJ Hallyboo
45%
All Stars W4R
45%
Unbeatable Bowser/SMB Bowser
44%
The End Costume
44%
Day Out LDO Mario/Day Out Mario/Luigi's Day Out Mario
44%
Dark Forest Coronation Day Peach/Coronation Peach
43%
Day Out LDO Luigi/Day Out Luigi/Luigi's Day Out Luigi
43%
No Hope Devil Mario
42%
All Stars LG
39%
Dictator Secret Histories Mario/SH Mario
37%
Bad Day Super Bad Mario
35%
Mario Game and Rythm 9 Pikafriend
34%
Race Traitors Kratos
33%
Unbeatable Duck Hunt Dog
31%
So Cool Shigeru Miyamoto/Miyamoto
28%
Mario Game and Rythm 9 Eeveefriend
25%
No matching quizzes found
Score Distribution
Percent of People with Each Score
Percentile by Number Answered
Your Score History
You have not taken this quiz